000 00216 a2200085 4500
020 _a9781945150630
100 _aRAFAEL AND RICARDO
245 _aPARANOAZINHO: CITY-MAKING BEYOND BRASILIA
260 _bYALE UNIVERSITY PRESS
999 _c13065
_d13065